00964nac a22002291u 4500010001600000020004200016020004400058082001500102090001500117100003400132245016300166260005400329300004500383504005100428650005300479700002100532700002900553700001800582942001700600999001500617952010200632 a 94016420 a3540198687 (Berlin : acid-free paper) a0387198687 (New York : acid-free paper)00a621bB4238 c3939d3939 aDubbel, Heinrich, 10aHandbook of mechanical engineering /cDubbel ; edited by W. Beitz and K.-H. KuÌ(ttner ; English edition edited by B.J. Davies ; translation by M.J. Shields. aLondon ;aNew York :bSpringer-Verlag,1994c1994. a1 v. (various pagings) :bill. ;c25 cm. aIncludes bibliographical references and index. 0aMechanical engineeringxHandbooks, manuals, etc.1 aBeitz, Wolfgang.1 aKuÌ(ttner, Karl-Heinz.1 aDavies, B. J. cBBk621B4238 c3939d3939 00104070aMAINbMAINc1STd2007-08-07ePurchasel0o621 DUBp000005037r2025-07-15 00:00:00yBB